[Event "Quebec-ch Intercoll"]
[Site "Montreal"]
[Date "1991.03.31"]
[Round "5"]
[White "Gravel, Simon M"]
[Black "Hamel, Martin"]
[Result "1-0"]
[WhiteElo "2193"]
[BlackElo "1581"]
[PlyCount "21"]
[EventDate "1991.03.29"]
[EventType "swiss"]
[EventRounds "6"]
[EventCountry "CAN"]
[SourceTitle "EXT 2022"]
[Source "ChessBase"]
[SourceDate "2021.10.06"]
[SourceVersion "1"]
[SourceVersionDate "2021.10.06"]
[SourceQuality "1"]

1. e4 e5 2. f4 exf4 3. Bc4 d6 4. d4 g5 5. h4 Be7 6. Qh5 d5 7. Bxd5 Qd6 8. Qxf7+ Kd8 9. hxg5 Bxg5 10. Rxh7 Qf6 11. Qxc7+ 1-0